Etiqueta de registo: 00000nkm 2200025 450
001 2269324
003 http://id.bnportugal.gov.pt/bib/catbnp/2269324
100 ## $a20260220d1987 m y0pory01030103ba
101 0# $apor
102 ## $aPT
200 1# $a500 anos descobrimentos portugueses$bVisual gráfico]$fComissão Nacional para as Comemorações dos Descobrimentos Portugueses$gDesign Gráfico Fátima Freire-João Freire
210 #9 $a[S.l.]$cComissão Nacional para as Comemorações dos Descobrimentos Portugueses,$d1987$e[S.l.] :$gEurolitho)
215 ## $a1 cartaz$ccolor.$d48,5x33,7cm
304 ## $aTítulo continuado por: "descobriram novas ilhas novas terras novos mares novos povos
e o que mais é: novo céu e novas estrelas"
317 ## $aColeção Madeira Luís
702 #1 $aFreire,$bFátima$4410$3215465
702 #1 $91$aFreire,$bJoão$4410$3209549
710 02 $aComissão Nacional para as Comemorações dos Descobrimentos Portugueses$331064
801 #0 $aPT$bBN$gRPC
966 ## $lBN$mICONOG$sCT. 14667 V.$x3
971 ## $cCatmusica8$d20260220
995 ## $aPRR2026 $d20260220$iCatmusica8
Etiqueta de registo: 00000nkm 2200025 450
001 2270333
003 http://id.bnportugal.gov.pt/bib/catbnp/2270333
100 ## $a20260223f1980 m y0pory01030103ba
101 0# $apor
102 ## $aPT
200 1# $a500 anos de descobrimentos portugueses$bVisual gráfico]$fComissão Nacional para as Comemorações dos Descobrimentos Portugueses$gDesign Gráfico: Fátima Freire$gDesign Gráfico: João Freire$gExecução Gráfica: EUROLITHO
210 #9 $aLisboa$cComissão Nacional para as Comemorações dos Descobrimentos Portugueses,$d[posterior a 1980]
215 ## $a1 cartaz$ccolor.$d68x47,8 cm
306 ## $aDatação em conformidade com o evento anunciado
317 ## $aColeção Madeira Luís
702 #1 $aFreire,$bFátima$4410$3215465
702 #1 $aJoão Freire$4410$31986778
710 02 $aComissão Nacional para as Comemorações dos Descobrimentos Portugueses$331064
712 02 $aEurolitho - Impressores gráficos, Lda.$4130$31646254
801 #0 $aPT$bBN$gRPC
966 ## $lBN$mICONOG$sCT. 22211 A.$x3
971 ## $cCaticonografia3$d20260223
995 ## $aPRR2026 $d20260223$iCaticonografia3